| 000 | 00432nam a2200133Ia 4500 | ||
|---|---|---|---|
| 008 | 170516s9999 xx 000 0 und d | ||
| 245 | _aNan Zhang, Xiaojun Cai, Wei Gao, Ronghui Wang, Chunyan Xu, Yuanzhi Yao, Lan Hao, Danli Sheng, Hangrong Chen, Zhigang Wang, Yuanyi Zheng | ||
| 260 | _bTheranostics | ||
| 260 | _c2016 | ||
| 300 | _a6:3 | ||
| 650 | _xMedical Technology | ||
| 650 | _xMedtech | ||
| 856 | _uhttp://www.thno.org/v6i3 | ||
| 999 |
_c330535 _d330535 |
||